Blaue augen bleiben blau : mein leben /

Gespeichert in:
Bibliographische Detailangaben
1. Verfasser: Buschbaum, Balian
Format: Buch
Sprache:Deutsch
Veröffentlicht: Frankfurt am Main : Fischer Taschenbuch, 2011
Tags: Tag hinzufügen
Keine Tags, Fügen Sie das erste Tag hinzu!

MARC

LEADER 00000nam a22000007i 4500
001 IT\ICCU\UBO\4421725
003 ItRI
005 20260115232020.0
008 191121s2011 gw |||||| ||||| |||||c
020 |a 9783596185580 
040 |b ita  |c importazione bologna sebina 
041 7 |a ger  |2 ISO-639-2 
100 1 |a Buschbaum, Balian  |0 IT\ICCU\UBOV\475570 
240 1 0 |a Blaue augen bleiben blau  |3 IT\ICCU\UBO\4421728 
245 1 0 |a Blaue augen bleiben blau :  |b mein leben /  |c Balian Buschbaum. 
260 |a Frankfurt am Main :  |b Fischer Taschenbuch,  |c 2011 
300 |a 252 p. :  |b ill. ;  |c 19 cm 
942 |2 ddc  |c BK  |n 0 
952 |0 0  |1 0  |4 0  |6 T_306_768000000000000_BUS  |7 0  |9 18926  |a BO  |b BO  |d 2026-01-15  |i 19131  |l 0  |o T 306.768 BUS  |p BO19131  |r 2026-01-15 23:20:20  |w 2026-01-15  |x [Sebina 5] [1 v.]  |y BK  |z 1 v. 
999 |c 16082  |d 16082